书目信息 |
| 题名: |
立体构成
|
|
| 作者: | 钱涛 著 | |
| 分册: | ||
| 出版信息: | 合肥 合肥工业大学出版社 2004 |
|
| 页数: | 79页 | |
| 开本: | 26cm | |
| 丛书名: | 现代设计艺术丛书 | |
| 单 册: | ||
| 中图分类: | J061 | |
| 科图分类: | ||
| 主题词: | 构图学 | |
| 电子资源: | ||
| ISBN: | 7-81093-119-9 | |
| 000 | 00584nam2 2200217 45 | |
| 001 | 0503281464 | |
| 005 | 20050328151053.5 | |
| 010 | @a7-81093-119-9@dCNY39.00 | |
| 100 | @a20050328d2004 km y0chiy0120 ea | |
| 101 | 0 | @achi |
| 105 | @a z 000yy | |
| 200 | 1 | @a立体构成@ALi Ti Gou Cheng@f钱涛著@FQian Tao Zhu |
| 210 | @a合肥@c合肥工业大学出版社@d2004 | |
| 215 | @a79页@d26cm | |
| 225 | @a现代设计艺术丛书@h1 | |
| 410 | @12001 @a现代设计艺术丛书 | |
| 606 | 0 | @a构图学 |
| 690 | @aJ061@v4 | |
| 701 | 0 | @a钱涛@4著 |
| 801 | @aCN@bTSTCL@c20050328 | |
| 905 | @dJ061@e123@f4@b346279-282 | |
| 立体构成/钱涛著.-合肥:合肥工业大学出版社,2004 |
| 79页;26cm.-(现代设计艺术丛书.1) |
| ISBN 7-81093-119-9:CNY39.00 |
| ● |
| 相关链接 |
|
|
|
|
正题名:立体构成
索取号:J061/123
 
预约/预借
| 序号 | 登录号 | 条形码 | 馆藏地/架位号 | 状态 | 备注 |
| 1 | 0346279 | 203462797 | 第一样本阅览室/ [索取号:J061/123] | 在馆 | |
| 2 | 0346280 | 203462804 | 第一借阅区/ [索取号:J061/123] | 在馆 | |
| 3 | 0346281 | 203462813 | 第一借阅区/ [索取号:J061/123] | 在馆 | |
| 4 | 0346282 | 203462822 | 第一借阅区/ [索取号:J061/123] | 在馆 |